Gaming Quiz

Random Gaming or Nintendo Quiz
Score 0/21 Timer 04:00
3 Plays Today
Question Answer Wrong Answers
Princess Peach (Super Mario series) Peach
95.7%
Orange
0.7%
Cherry
1.7%
Link (Legend of Zelda Series) Chain Link
92.1%
Knot
3.9%
Spring
3%
Crash Bandicoot (Self-titled Series) Crash
90%
Construction
4.3%
Traffic
1.9%
Toad (Super Mario series) Toad
89.8%
Gecko
2.8%
Axolotl
7%
Pinky (Pac-Man) Pinky
88.6%
Thumb
5.8%
Pointer
5%
Knuckles (Sonic the Hedgehog Series) Knuckles
88%
Eyes
4.4%
Foot
4.2%
Boo (Super Mario Series) Boo (Monsters Inc.)
87.1%
Buzz Lightyear (Toy Story)
4.7%
Dory (Finding Nemo)
4%
Joker (Lego Batman) Joker
81.7%
King
0.4%
Jack
16.8%
Team Rocket (Pokémon Series) Rocket
80.7%
Galaxy
7.2%
Comet
9.1%
Piranha Plant (Super Mario series) Piranha
80.5%
Grizzly Bear
4.3%
Tarantula
11.8%
Scorpion (Mortal Kombat Series) Scorpion
77.7%
Cobra
15.3%
Hornet
4.7%
Captain Falcon (F-Zero, Super Smash Bros.) Falcon
73.3%
Fox
14.5%
Tiger
6.9%
Cloud Strife (Final Fantasy Series) Cloud
72.4%
Tree
10.7%
Water
12.9%
Sub-Zero (Mortal Kombat Series) Sub-Zero Temperature
71.6%
Tsunami
11.2%
Lightning
14.6%
Banjo (Banjo-Kazooie Series) Banjo
70.3%
Trumpet
2.6%
Bongos
22.5%
M. Bison (Street Fighter Series) Bison
69.1%
Lion
9.9%
Crocodile
16.1%
Solid Snake (Metal Gear, Super Smash Bros.) Snake
67.9%
Eagle
9.9%
Wolf
18.1%
King Hippo (Punch-Out!) Hippo
65.8%
Mammoth
23.6%
Blue Whale
6.1%
Hammer Bro (Super Mario Series) MC Hammer
63.4%
Vanilla Ice
14.7%
Sir Mix-a-Lot
16.7%
E. Honda (Street Fighter Series) Honda
60.6%
Mitsubishi
27.5%
Toyota
8.7%
Dr. Wily (Mega Man Series) Wile E. Coyote
45.3%
Sylvester
37.8%
Pepe Le Pew
12.3%
Remove Ads.
Support Sporcle.
Get the best of Sporcle when you Go Orange. This ad-free experience offers more features, more stats, and more fun while also helping to support Sporcle. Thank you for becoming a member.

You're not logged in!

Compare scores with friends on all Sporcle quizzes.
OR
Log In

Show Comments

Extras

Top Quizzes Today


Score Distribution

Your Account Isn't Verified!

In order to create a playlist on Sporcle, you need to verify the email address you used during registration. Go to your Sporcle Settings to finish the process.

Report this User

Report this user for behavior that violates our Community Guidelines.

Details: